Islamic finance : an old skeleton in a modern dress

Main Author: Asyraf Wajdi Dusuki
Published: Kuala Lumpur: International Shari'ah Research Academy for Islamic Finance (ISRA), 2008.
Series:ISRA Series in Contemporary Islamic Finance; 2
Subjects:
LEADER 00853cam a2200217 7i4500
001 0000075905
005 20140612090000.0
008 090512s2008
020 # 0 |a 9789834416911  
090 0 0 |a HG 3300.6 .A6   |b A8 2008 
100 0 # |a Asyraf Wajdi Dusuki  
245 1 0 |a Islamic finance :   |b an old skeleton in a modern dress   |c Asyraf Wajdi Dusuki. 
260 # # |a Kuala Lumpur:   |b International Shari'ah Research Academy for Islamic Finance (ISRA),   |c 2008. 
300 # # |a xiii, 254 p.:   |b ill.;   |c 24 cm.. 
490 0 0 |a ISRA Series in Contemporary Islamic Finance;   |v 2 
504 0 0 |a Includes bibliographical references. 
590 # # |a Pusat Pengajian Perniagaan dan Pengurusan Maritim 
650 0 0 |a Finance --   |z Malaysia  
650 0 0 |a Finance --   |x Religious aspects --   |x Islam  
650 0 0 |a Banks and banking --   |z Malaysia  
999 |a 1100071540  |b Book  |c Open Shelf  |e KOLEKSI TERBUKA